Corporate responsibility : a textbook on business ethics,governance,environment:roles and responsibilities

Saved in:
Bibliographic Details
Other Authors: Cannon, Tom B. Sc
Format: Book
Language:English
Published: London : Pitman, 1994
Subjects:
Tags: Add Tag
No Tags, Be the first to tag this record!

MARC

LEADER 00000nam a2200000 i 4500
001 1/19677
008 960701s1994 eng d
020 |a 0-273-60270-5 
035 |l 10021361 
040 |a GR-MY-UA  |b gre  |e aacr 
041 0 |a eng 
082 0 |a 174.4 
245 1 0 |a Corporate responsibility :  |b a textbook on business ethics,governance,environment:roles and responsibilities /  |c Tom Cannon 
260 |a London :   |b Pitman,   |c 1994 
300 |a 342 p. 
500 |a Includes index 
650 0 0 |a Business ethics. 
700 1 |a Cannon, Tom  |c B. Sc. 
852 |a INST  |b CHIOS  |e 19960701  |h 174.4 CAN  |p 005200001762  |q 005200001762  |t BK  |y 0 
909 |a Χ  |b 040194